|
|
|
|
| LEADER |
01587nam a2200409 a 4500 |
| 001 |
EBC692949 |
| 003 |
MiAaPQ |
| 005 |
20200520144314.0 |
| 006 |
m o d | |
| 007 |
cr cn||||||||| |
| 008 |
130326r20111930enka sb 001 0 eng d |
| 010 |
|
|
|z 30016791
|
| 020 |
|
|
|z 9780415678728
|
| 020 |
|
|
|a 9780203806944 (electronic bk.)
|
| 035 |
|
|
|a (MiAaPQ)EBC692949
|
| 035 |
|
|
|a (Au-PeEL)EBL692949
|
| 035 |
|
|
|a (CaPaEBR)ebr10673108
|
| 035 |
|
|
|a (CaONFJC)MIL459969
|
| 035 |
|
|
|a (OCoLC)830171015
|
| 040 |
|
|
|a MiAaPQ
|c MiAaPQ
|d MiAaPQ
|
| 041 |
1 |
|
|a eng
|h ger
|
| 050 |
|
4 |
|a HB75
|b .S6313 2011
|
| 082 |
0 |
4 |
|a 330.15
|2 23
|
| 100 |
1 |
|
|a Spann, Othmar,
|d 1878-1950.
|
| 245 |
1 |
0 |
|a Types of economic theory
|h [electronic resource] /
|c Othmar Spann ; translated by Eden and Cedar Paul.
|
| 260 |
|
|
|a Abingdon, Oxon [U.K.] :
|b Routledge,
|c 2011.
|
| 300 |
|
|
|a 329 p. :
|b ill.
|
| 500 |
|
|
|a English translation of: Die Haupttbeorien der Volkswirtschaftslehre, 19th ed. ; published by Leipzig : Quelle & Meyer, 1929.
|
| 500 |
|
|
|a Reprint. Originally published: London : G. Allen & Unwin Ltd., 1930.
|
| 504 |
|
|
|a Includes bibliographical references and index.
|
| 533 |
|
|
|a Electronic reproduction. Ann Arbor, MI : ProQuest, 2015. Available via World Wide Web. Access may be limited to ProQuest affiliated libraries.
|
| 650 |
|
0 |
|a Economics
|x History.
|
| 655 |
|
4 |
|a Electronic books.
|
| 700 |
1 |
|
|a Paul, Eden,
|d 1865-1944.
|
| 700 |
1 |
|
|a Paul, Cedar.
|
| 710 |
2 |
|
|a ProQuest (Firm)
|
| 856 |
4 |
0 |
|u https://ebookcentral.proquest.com/lib/matrademy/detail.action?docID=692949
|z Click to View
|